| 000 | 00000nam##2200000za#4500 |
| 001 | 9.642445 |
| 003 | CaOODSP |
| 005 | 20210624223714 |
| 007 | cr ||||||||||| |
| 008 | 150407|1996||||xxc|||||o f|0| 0 fre|d |
| 040 | |aCaOODSP|bfre |
| 043 | |an-cn--- |
| 086 | 1 |aE100-2/1-95-2008-01F-PDF |
| 110 | 2 |aSecrétariat de l'ALÉNA. |
| 245 | 10|aConcernant les tarifs appliqués par le Canada sur certains produits agricoles en provenance des É.-U. : |h[ressource électronique]|brapport final du Comité |
| 246 | 1 |aAccord de libre échange Nord-américain Comité d'arbitrage établi conformément à l'article 2008 |
| 260 | |aOttawa - Ontario : |bSecrétariat de l'ALÉNA |cle 2 décembre 1996. |
| 300 | |a67p.|bréférences |
| 590 | |a13-21-Supp|b2013-09-16 |
| 691 | 07|aArbitrage|2gcpds |
| 691 | 07|aLibre-échange|2gcpds |
| 691 | 07|aProduit agro-alimentaire|2gcpds |
| 691 | 07|aTarif douanier|2gcpds |
| 775 | 08|tIn the matter of tariffs applied by Canada to certain U.S.-origin agricultural products : |w(CaOODSP)9.698438 |
| 856 | 40|ahttp://publications.gc.ca|qPDF|s231 Ko|uhttps://publications.gc.ca/collections/Collection/E100-2-1-95-2008-01F.pdf |
| 986 | |aCDA-95-2008-01 |